000 00590nam a2200181 i 4500
001 138246
003 ES-MaACL
005 20250721144339.0
007 t|
008 070214s1901 sp |||| | spa d
100 1 _aSánchez Torres, Enrique.
_9102958
245 1 0 _aAstronomía racional y astronomía irracional /
_cpor Enrique Sánchez Torres.
260 _aBarcelona :
_b[s. n.],
_c1901 (
_fImp. La económica)
300 _a145 p. ;
_c18 cm.
650 7 _aAstronomía
_2embne
_910386
852 _aES-MaACL
_jT-1017-F-1
_z.- Dedicatoria autógrafa del autor
999 _c138246
_d138246